| 000 | 00842cam a2200253 4500 | ||
|---|---|---|---|
| 001 | sa 68014718 | ||
| 003 | DLC | ||
| 005 | 20260227112634.0 | ||
| 008 | 700205s1968 ii a b 00110 eng | ||
| 010 | _asa 68014718 //r90 | ||
| 025 | _aPL480:I-E-10485 | ||
| 040 |
_aDLC _cDLC _dDLC _dICU |
||
| 043 | _aa-ii--- | ||
| 050 | 0 | 0 |
_aQL449 _b.K84 |
| 082 | 0 | 0 | _a595/.61 |
| 100 | 1 | 0 |
_aKrishnan, Ghenta, _d1911- |
| 245 | 1 | 4 |
_aThe millipede Thyropygus, _bwith special reference to Indian species _c[by] G. Krishnan. |
| 260 | 0 |
_aNew Delhi _b[Council of Scientific and Industrial Research] Publications & Information Directorate _c[1968] |
|
| 300 |
_a84 p. _billus. _c25 cm. |
||
| 440 | 0 |
_aCSIR zoological memoirs on Indian animal types ; _vno. 1 |
|
| 504 | _a"Literature cited": p. [78]-80. | ||
| 650 | 0 | _aThyropygus. | |
| 650 | 0 |
_aMillipedes _zIndia. |
|
| 999 |
_c85992 _d85992 |
||